Bean production problems : disease, insect, soil and climatic constraints of Phaseolus vulgaris /

Bibliographic Details
Corporate Author: Centro Inernacional de Agricultura Tropical
Other Authors: Gálvez, Guillermo E.
Format: Book
Language:English
Published: Cali, Colombia : Centro International de Agricultura Tropical, (CIAT), 1980.
Series:CIAT series ; no. 09EB-1.
Subjects:

MARC

Tag First Indicator Second Indicator Subfields
LEADER 00000cam a2200000 a 4500
001 in00000075029
005 20151008060249.0
008 810128s1980 ck af b i00000 eng d
020 |a 8489206007 
035 |a (OCoLC)07087409 
035 |9 AAJ5425AM 
040 |a AGL  |c AGL  |d TXA  |d UtOrBLW 
049 |a TXAM  |c 1 [1632988], 2 [1502490], 3 [272061], 4 [A09008036] 
072 0 |a F831  |a F832  |a F833 
090 |a SB608 B3  |b  B5 
245 0 0 |a Bean production problems :  |b disease, insect, soil and climatic constraints of Phaseolus vulgaris /  |c edited by Howard F. Schwartz and Guillermo E. Galvez. 
264 1 |a Cali, Colombia :  |b Centro International de Agricultura Tropical, (CIAT),  |c 1980. 
300 |a xii, 424 pages :  |b illustrations ;  |c 24 cm. 
336 |a text  |b txt  |2 rdacontent 
337 |a unmediated  |b n  |2 rdamedia 
338 |a volume  |b nc  |2 rdacarrier 
490 1 |a CIAT series ;  |v no. 09EB-1 
504 |a Includes bibliographies. 
650 0 |a Beans  |x Diseases and pests  |z Latin America. 
700 1 |a Gálvez, Guillermo E. 
710 2 |a Centro Inernacional de Agricultura Tropical. 
830 0 |a CIAT series ;  |v no. 09EB-1. 
999 |a MARS 
999 f f |s aceeceea-f40b-3a1a-8e20-8aa29ce9d076  |i 08fd13a9-939b-3996-ad0b-02194668b08a  |t 0 
952 f f |p ric  |a Texas A&M University  |b Rellis Campus  |c Joint Library Facility  |d Remote Storage  |t 0  |e SB608 B3 B5  |h Library of Congress classification  |i unmediated -- volume  |m A14806236559 
998 f f |a SB608 B3 B5  |t 0  |l Remote Storage